000 00935namaa22002051 4500
001 174045
003 ES-MaACL
005 20251114103629.0
008 100209s1908 sp |||| | spa d
100 1 _aDicenta, Joaquín,
_d1863-1917
_944474
245 1 3 _aEl vals de las sombras
_b: juguete cómico-lírico, en un acto y en prosa /
_coriginal de Joaquin Dicenta ; música del maestro Valverde (hijo).
250 _a2ª ed.
260 _aMadrid :
_bSociedad de Autores Españoles,
_c1908 (
_fR. Velasco)
300 _a37 p., 1 h. ;
_c20 cm.
500 _aEs solo la letra.
500 _aEn port.: Estrenado en el teatro Eslava la noche del 8 de marzo de 1906.
700 1 _aValverde, Joaquín,
_d1875-1918
_9142098
852 _aES-MaACL
_jF-8647(9)
_z.- Enc. hol. conservando la cub. original
_z.- Enc. en un vol. facticio formando parte de la col. facticia "Teatro español moderno" v. 104
999 _c174045
_d174045